| 000 | 00972cam a2200229 4500 | ||
|---|---|---|---|
| 001 | ABS62235 | ||
| 008 | 000000n2000 000 0 eng u | ||
| 035 | _a(Sirsi) u105278 | ||
| 100 | _aSoloman, G. | ||
| 245 | 4 | _aThe modification and discharge of planning obligations - a local authority perspective | |
| 260 | _c2000 | ||
| 490 |
_aJournal of Planning and Environment Law _vApril 2000, 351-358(8) |
||
| 520 | _aExamines the new powers of modification and discharge which exist under the amended Town and Country Planning Act 1990 s106, and the criteria necessary for such an application to be made. | ||
| 590 | _aABS | ||
| 650 | _aLOCAL AUTHORITIES | ||
| 650 | _aTOWN AND COUNTRY PLANNING ACT 1990 S106 | ||
| 650 | _aPLANNING AND COMPENSATION ACT 1991 | ||
| 650 | _aTOWN AND COUNTRY PLANNING (MODIFICATION AND DISCHARGE OF PLANNING OBLIGATIONS) REGULATIONS 1992 | ||
| 650 | _aPLANNING OBLIGATIONS | ||
| 690 |
_aPlanning and development _96259 |
||
| 942 | _n0 | ||
| 999 |
_c63128 _d63128 |
||